000 00466nam a2200145Ia 4500
008 100122s9999 xx 000 0 und d
082 _b48540
_a623.19
100 _aघाणेकर प्र के
245 _aसोबत दुर्गांची
260 _bस्नेहल प्रकाशन
_c1993
300 _a67
630 _aसोबत दुर्गांची
730 _aसोबत दुर्गांची
942 _cBOOK
999 _c427084
_d427081